000 01608nam a2200313Ia 4500
999 _c56405
_d56405
001 23518
003 GE_BSU
005 20260211153428.0
008 181216s2002||||ge |||||||||||||| ||geo||
020 _a9992894032
040 _cGE_BSU
041 _ageo
080 _a94(479.22)(075.3) ვ-26
100 _aვაჩნაძე, მერაბ
_926876
245 _aსაქართველოს ისტორია (XIX-XX სს.) :
_bმე-9 კლ. სახელმძღვანელო /
_cმერაბ ვაჩნაძე, ვახტანგ გურული ; რუკების ავტ. მანანა შეყილაძე ; რედ.: დიმიტრი შველიძე.
250 _aმესამე გადამუშავებული გამოცემა
260 _aთბილისი
260 _bარტანუჯი
260 _c2002
300 _a205 გვ. :
_bილ. ;
_c29 სმ.
500 _aგარეკანზე ავტ. მითითებულნი არ არიან
541 _h10 ლ.
653 _aმე-9 კლ. სახელმძღვანელო
653 _aსაქართველოს ისტორია (XIX-XX ს.)
700 _dგურული, ვახტანგ, ავტ.
_eავტორი
_926877
700 _aშეყილაძე, მანანა
_eრუკების ავტორი
_922292
700 _aშველიძე, დიმიტრი
_eრედაქტორი
_926878
942 _cBK
_2udc